Aspectos ecológicos de la comunidad ictica de cabeza de coral aisladas en la bahía de Neguange (<Caribe Colombia>) (Registro nro. 9502)
[ vista simple ]
| 000 -CABECERA | |
|---|---|
| Campo de control | 007060000a22001930004500 |
| 090 ## - CLASIFICACIÓN LOCAL | |
| Colección | AR |
| Consecutivo | 00405 |
| 041 0# - IDIOMA | |
| Código de idioma para texto/pista de sonido o título separado | |
| 100 1# - ASIENTO PRINCIPAL--NOMBRE PERSONAL | |
| Nombre personal | Herrera A., Oscar |
| 245 10 - MENCION DE TITULO | |
| Título | Aspectos ecológicos de la comunidad ictica de cabeza de coral aisladas en la bahía de Neguange (<Caribe Colombia>) |
| 650 14 - ASIENTO SECUNDARIO DE MATERIA - TERMINO TEMATICO | |
| Término temático o nombre geográfico como elemento de entrada | Ecología de poblaciones |
| 650 14 - ASIENTO SECUNDARIO DE MATERIA - TERMINO TEMATICO | |
| Término temático o nombre geográfico como elemento de entrada | Ictiología |
| 650 14 - ASIENTO SECUNDARIO DE MATERIA - TERMINO TEMATICO | |
| Término temático o nombre geográfico como elemento de entrada | Peces |
| 651 #4 - ASIENTO SECUNDARIO DE MATERIA - NOMBRE GEOGRAFICO | |
| -- | Parque Nacional Tayrona |
| -- | Magdalena |
| -- | Colombia |
| 653 ## - TERMINO DE INDIZACION - NO CONTROLADO | |
| -- | Phaeoptix |
| -- | Phaeoptix pigmentaria |
| 653 ## - TERMINO DE INDIZACION - NO CONTROLADO | |
| -- | Coryphopterus |
| -- | Coryphopterus personatus |
| 700 1# - ASIENTO SECUNDARIO - NOMBRE PERSONAL | |
| Nombre personal | Acero P., Arturo |
| 773 1# - Item fuente: | |
| Título | Trianea: Acta Científica y Tecnológica |
| Especificación de materiales | 159 |
| Descripción física | 4 |
| Paginas del Articulo | 375-383 |
| Lugar, editorial y fecha de publicación | 1991 |
| 942 ## - ELEMENTOS ADICIONALES (KOHA) | |
| Tipo de ítem | Artículo |
| Withdrawn status | Lost status | Damaged status | No para préstamo | Colección | Ubicación Permanente | Ubicación actual | Fecha de adquisición | Datos de publicación Seriada | Total Checkouts | Número topográfico | Inventario / Código de Barras | Date last seen | Ejemplar | Price effective from | Forma de adquisición | Tipo de material |
|---|---|---|---|---|---|---|---|---|---|---|---|---|---|---|---|---|
| No para Préstamo | Hemeroteca | Bogotá | Bogotá | 27/02/2015 | Fuera de circulación | AR 00405 | 010673 | 25/03/2015 | 1 | 25/03/2015 | Artículo | |||||
| No para Préstamo | Hemeroteca | Bogotá | Bogotá | 27/02/2015 | Fuera de circulación | AR 00405 | 010674 | 25/03/2015 | 2 | 25/03/2015 | Artículo | |||||
| No para Préstamo | Hemeroteca | Bogotá | Bogotá | 27/02/2015 | Fuera de circulación | AR 00405 | 010675 | 25/03/2015 | 3 | 25/03/2015 | Artículo |